Szczegóły MARC21

Ekonomia polityczna /

003 -Nazwa inst., której nr kontr. jest w polu 001 [,]
    • @
    • Nazwa instytucji, której n kontrolny jest w polu 001
    • NUKAT
005 -DATA I CZAS OSTATNIEJ MODYFIKACJI [,]
    • @
    • pole kontrolne
    • 20241231110454.0
040 -Instytucja sporządzająca opis [ , ]
    • a
    • Instytucja, która sporządziła opis (NP)
    • KIEL 010/ES
    • b
    • Język katalogowania
    • pol
    • e
    • Zasady katalogowania
    • rda
    • c
    • Instytucja, która sporządziła rekord (NP)
    • KIEL 010/ES
    • d
    • Instytucja, która zmodyfikowała rekord (P)
    • KIEL 010/ES
    • d
    • Instytucja, która zmodyfikowała rekord (P)
    • KIEL 010/MCs
    • d
    • Instytucja, która zmodyfikowała rekord (P)
    • KR U/KJ
    • d
    • Instytucja, która zmodyfikowała rekord (P)
    • KAT 001/MSs
041 -Język dokumentu [0, ]
    • a
    • Język tekstu (P)
    • polski
    • b
    • Język streszczeń lub abstraktu (P)
    • angielski
942 -Rodzaj dokumentu [ , ]
    • c
    • Rodzaj dokumentu
    • Książka
245 -Strefa tytułu i oznaczenia odpowiedzialności [0,0]
    • a
    • Tytuł
    • Ekonomia polityczna / Find
    • c
    • Pozostałe elementy strefy tytułu i oznaczenia odpowiedzialności (NP)
    • redaktor zeszytu Witold Lejman ; Uniwersytet Łódzki.
250 -Strefa wydania [ , ]
    • a
    • Oznaczenie wydania (NP)
    • Wydanie I.
260 -Strefa adresu wydawniczego [ , ]
    • a
    • Miejsce wydania (P)
    • Łódź :
    • b
    • Nazwa wydawcy (P)
    • Uniwersytet Łódzki,
    • c
    • Data wydania (P)
    • 1984.
300 -Strefa opisu fizycznego [ , ]
    • a
    • Określenie formy książki i/lub objętość (NP)
    • 122, [1] strona ;
    • c
    • Format (NP)
    • 24 cm.
336 -Typ zawartości [ , ]
    • a
    • Termin opisujący typ zawartości
    • Tekst
    • b
    • Kod określający zawartość
    • txt
    • 2
    • Źródło (terminu i kodu)
    • rdacontent
337 -Typ mediów [ , ]
    • a
    • Tryb odtwarzania
    • Bez urządzenia pośredniczącego
    • b
    • Kod typu mediów
    • n
    • 2
    • Źródło (terminu i kodu)
    • rdamedia
338 -Typ/rodzaj nośnika [ , ]
    • a
    • Hasło opisujące typ nośnika
    • Wolumin
    • b
    • Kod typu nośnika
    • nc
    • 2
    • Źródło (terminu i kodu)
    • rdacarrier
380 -Deskryptor - Forma dzieła (P) [ , ]
    • a
    • forma dzieła (NP)
    • Książki
380 -Deskryptor - Forma dzieła (P) [ , ]
    • a
    • forma dzieła (NP)
    • Publikacje naukowe
388 -Deskryptor - czas powstania dzieła (P) [1, ]
    • a
    • Czas powstania dzieła (NP)
    • 1901-2000
388 -Deskryptor - czas powstania dzieła (P) [1, ]
    • a
    • Czas powstania dzieła (NP)
    • 1945-1989
490 -Strefa serii i książki wielotomowej - forma nie do wyszukiwania [1, ]
    • a
    • Tytuł (P)
    • Acta Universitatis Lodziensis. Folia Oeconomica, Find
    • x
    • ISSN (NP)
    • 0208-6018 ;
    • v
    • Numeracja (P)
    • 36
830 -Hasło dodatkowe serii i opisu książki wielotomowej - tytuł ujednolicony/tytuł [ ,0]
    • a
    • Tytuł ujednolicony/tytuł (NP)
    • Acta Universitatis Lodziensis.
    • p
    • Nazwa części/podserii/sekcji (P)
    • Folia Oeconomica
    • x
    • ISSN
    • 0208-6018
    • v
    • Oznaczenie tomu (NP)
    • 36
    • 9
    • KHW
    • 152
500 -Uwaga ogólna [ , ]
    • a
    • Uwaga ogólna (NP)
    • Na stronie redakcyjnej cena: zł 95.
546 -Uwaga dot. języka [ , ]
    • a
    • Uwaga dot. języka
    • Streszczenia w języku angielskim przy pracach.
080 -Uniwersalna Klasyfikacja Dziesiętna [ , ]
    • a
    • Symbol klasyfikacji
    • 330
    • 9
    • UKD
    • 2943
    • 2
    • Identyfikator wydania tablic
    • UDC-P058
    • b
    • Dopowiedzenie
    • Nauki ekonomiczne w ogólności. Ekonomia polityczna.
600 -Hasło przedmiotowe w formie nazwy osobowej [1,7]
    • a
    • Nazwa osobowa
    • Smith, Adam
    • d
    • Daty związane z nazwą
    • (1723-1790)
    • x
    • Określnik rzeczowy
    • krytyka i interpretacja.
    • 2
    • Źródło terminu
    • kaba
    • 9
    • KHW
    • 453952
600 -Hasło przedmiotowe w formie nazwy osobowej [1,7]
    • a
    • Nazwa osobowa
    • Ricardo, David
    • d
    • Daty związane z nazwą
    • (1772-1823)
    • x
    • Określnik rzeczowy
    • krytyka i interpretacja.
    • 2
    • Źródło terminu
    • kaba
    • 9
    • KHW
    • 358100
600 -Hasło przedmiotowe w formie nazwy osobowej [1,7]
    • a
    • Nazwa osobowa
    • Smith, Adam
    • d
    • Daty związane z nazwą
    • (1723-1790)
    • 2
    • Źródło terminu
    • DBN
    • 9
    • KHW
    • 740895
600 -Hasło przedmiotowe w formie nazwy osobowej [1,7]
    • a
    • Nazwa osobowa
    • Ricardo, David
    • d
    • Daty związane z nazwą
    • (1772-1823)
    • 2
    • Źródło terminu
    • DBN
    • 9
    • KHW
    • 740897
650 -Hasło przedmiotowe [ ,7]
    • a
    • Hasło przedmiotowe
    • Dochody
    • x
    • Określnik rzeczowy
    • polityka publiczna
    • z
    • Określnik geograficzny
    • Stany Zjednoczone
    • y
    • Określnik chronologiczny
    • 1945-1990.
    • 2
    • Źródło terminu
    • kaba
    • 9
    • KHW
    • 740842
650 -Hasło przedmiotowe [ ,7]
    • a
    • Hasło przedmiotowe
    • Inflacja
    • z
    • Określnik geograficzny
    • Stany Zjednoczone
    • y
    • Określnik chronologiczny
    • 1945-1990.
    • 2
    • Źródło terminu
    • kaba
    • 9
    • KHW
    • 740841
650 -Hasło przedmiotowe [ ,7]
    • a
    • Hasło przedmiotowe
    • Personel
    • x
    • Określnik rzeczowy
    • udział w zarządzaniu
    • z
    • Określnik geograficzny
    • Republika Federalna Niemiec.
    • 2
    • Źródło terminu
    • kaba
    • 9
    • KHW
    • 740831
650 -Hasło przedmiotowe [ ,7]
    • a
    • Hasło przedmiotowe
    • Transfer technologii
    • x
    • Określnik rzeczowy
    • aspekt ekonomiczny.
    • 2
    • Źródło terminu
    • kaba
    • 9
    • KHW
    • 370089
650 -Hasło przedmiotowe [ ,7]
    • a
    • Hasło przedmiotowe
    • Rynek pracy.
    • 2
    • Źródło terminu
    • kaba
    • 9
    • KHW
    • 128895
650 -Hasło przedmiotowe [ ,7]
    • a
    • Hasło przedmiotowe
    • Usługi.
    • 2
    • Źródło terminu
    • kaba
    • 9
    • KHW
    • 134805
650 -Hasło przedmiotowe [ ,7]
    • a
    • Hasło przedmiotowe
    • Inflacja
    • 2
    • Źródło terminu
    • DBN
    • 9
    • KHW
    • 725058
650 -Hasło przedmiotowe [ ,7]
    • a
    • Hasło przedmiotowe
    • Rynek pracy
    • 2
    • Źródło terminu
    • DBN
    • 9
    • KHW
    • 721578
650 -Hasło przedmiotowe [ ,7]
    • a
    • Hasło przedmiotowe
    • Transfer technologii
    • 2
    • Źródło terminu
    • DBN
    • 9
    • KHW
    • 722378
650 -Hasło przedmiotowe [ ,7]
    • a
    • Hasło przedmiotowe
    • Usługi
    • 2
    • Źródło terminu
    • DBN
    • 9
    • KHW
    • 737243
650 -Hasło przedmiotowe [ ,7]
    • a
    • Hasło przedmiotowe
    • Polityka gospodarcza
    • 2
    • Źródło terminu
    • DBN
    • 9
    • KHW
    • 721715
650 -Hasło przedmiotowe [ ,7]
    • a
    • Hasło przedmiotowe
    • Ekonomia
    • 2
    • Źródło terminu
    • DBN
    • 9
    • KHW
    • 721182
651 -Hasło przedmiotowe w formie nazwy geograficznej [ ,7]
    • a
    • Nazwa geograficzna
    • Kraje uprzemysłowione
    • x
    • Określnik rzeczowy
    • polityka społeczna
    • y
    • Określnik chronologiczny
    • 1945-1990.
    • 2
    • Źródło terminu
    • kaba
    • 9
    • KHW
    • 740844
651 -Hasło przedmiotowe w formie nazwy geograficznej [ ,7]
    • a
    • Nazwa geograficzna
    • RFN
    • 2
    • Źródło terminu
    • DBN
    • 9
    • KHW
    • 726857
651 -Hasło przedmiotowe w formie nazwy geograficznej [ ,7]
    • a
    • Nazwa geograficzna
    • Kraje rozwijające się
    • 2
    • Źródło terminu
    • DBN
    • 9
    • KHW
    • 722368
655 -Hasło w funkcji tematu formalnego [ ,7]
    • a
    • Hasło
    • Praca zbiorowa
    • 2
    • Źródło terminu
    • DBN
    • 9
    • KHW
    • 721444
658 -Ujęcie treści [ , ]
    • a
    • dziedzina nauki i sztuki/ sfera aktywności życiowej
    • Gospodarka, ekonomia, finanse
980 -Symbol UKD [ , ]
    • a
    • UKD
    • 330
700 -Hasło dodatkowe - nazwa osobowa [1, ]
    • a
    • Nazwa osobowa (NP)
    • Lejman, Witold Find
    • d
    • Daty biograficzne (NP)
    • (1929-1993).
    • e
    • Określenie rodzaju współpracy
    • Redakcja
    • 9
    • KHW
    • 697270
710 -Hasło dodatkowe - nazwa ciała zbiorowego [2, ]
    • a
    • Nazwa ciała zbiorowego lub nazwa geograficzna jako pierwszy element (NP)
    • Uniwersytet Łódzki.
    • e
    • Rodzaj współpracy
    • Instytucja sprawcza
    • e
    • Rodzaj współpracy
    • Wydawca
    • 4
    • Kod relacji
    • pbl
    • 9
    • KHW
    • 52
931 -Powiązanie tyt. z wydaw. ciągłym [ , ]
    • a
    • Powiązanie tytułówki z wydaw. ciągłym
    • PATRZ WYDAWNICTWO CIĄGŁE
    • z
    • Numer rek. powiązanego
    • 119356